[Event "27. Friedensfest-Open (AFRO-A)"]
[Site "Augsburg"]
[Date "2022.08.05"]
[Round "3.6"]
[White "Vuckovic, Robert"]
[Black "Manko, Mariya"]
[Result "1-0"]
[WhiteElo "1846"]
[BlackElo "2087"]
[EventDate "2022.08.04"]
[Time "09:30:00"]
[WhiteTeam "SF Augsburg"]
[BlackTeam "Schachges. Augsburg 1873"]

1.e4 c5 2.Nc3 Nc6 3.g3 g6 4.d3 Bg7 5.Be3 d6 6.Qd2 Nd4 7.Nd1 Nf6 8.c3 Nc6 
9.Bh6 O-O 10.h4 Bxh6 11.Qxh6 Ng4 12.Qd2 h5 13.Bg2 Rb8 14.f3 Nf6 15.f4 Ng4 
16.Nh3 f5 17.Nhf2 Kh7 18.Nxg4 fxg4 19.Ne3 e5 20.f5 gxf5 21.exf5 Kg7 22.O-O
Qf6 23.Rf2 Ne7 24.Raf1 b5 25.d4 b4 26.dxe5 dxe5 27.Nd5 Nxd5 28.Qxd5 bxc3 
29.bxc3 Ba6 30.Re1 Rbc8 31.Rxe5 Bc4 32.Qe4 Bd3 33.Qe3 c4 34.Re6 1-0

[Event "27. Friedensfest-Open (AFRO-A)"]
[Site "Augsburg"]
[Date "2022.08.07"]
[Round "7.20"]
[White "Vuckovic, Robert"]
[Black "Poniatowski, Pawel"]
[Result "0-1"]
[WhiteElo "1846"]
[BlackElo "2071"]
[EventDate "2022.08.04"]
[Time "09:30:00"]
[WhiteTeam "SF Augsburg"]
[BlackTeam "SK Klosterlechfeld"]

1.e4 c5 2.Nc3 Nc6 3.g3 g6 4.d3 Bg7 5.Be3 Nd4 6.Qd2 e6 7.Nd1 b6 8.c3 Nc6 9.
Bg2 Bb7 10.Ne2 d5 11.exd5 exd5 12.d4 cxd4 13.Nxd4 Nf6 14.Nxc6 Bxc6 15.O-O 
Ne4 16.Qc2 O-O 17.f3 Nc5 18.Bd4 Re8 19.Nf2 Qe7 20.Bxg7 Kxg7 21.Rfd1 Rad8 
22.h3 Qc7 23.Kh2 h5 24.Qd2 Ne6 25.h4 d4 26.cxd4 Nxd4 27.Qc3 Qe5 28.Re1 
Nxf3+ 29.Qxf3 Bxf3 30.Rxe5 Rxe5 31.Bxf3 Rd2 32.Kg2 Rxb2 33.a4 Ra5 34.Bc6 
b5 35.Kf3 bxa4 36.Rxa4 Rf5+ 37.Rf4 Rxf4+ 38.gxf4 a5 39.Nd3 Rh2 40.Ne5 Rxh4
41.Kg3 g5 42.fxg5 Rd4 43.Kf3 a4 44.Ke3 Rh4 45.Be8 a3 46.Bxf7 Rh2 47.Nf3 
Kxf7 0-1

[Event "27. Friedensfest-Open (AFRO-A)"]
[Site "Augsburg"]
[Date "2022.08.07"]
[Round "7.10"]
[White "Rentschler, Hans-Joachim"]
[Black "Weiss, Thomas"]
[Result "1/2-1/2"]
[WhiteElo "2087"]
[BlackElo "1970"]
[EventDate "2022.08.04"]
[Time "09:30:00"]
[WhiteTeam "TSV Langenau"]
[BlackTeam "DJK-Regensburg Nord e.V."]

1.e4 c5 2.Nc3 Nc6 3.g3 g6 4.Bg2 Bg7 5.Nf3 Nf6 6.O-O O-O 7.d3 d5 8.exd5 
Nxd5 9.Bd2 Nc7 10.Re1 Ne6 11.Qc1 1/2-1/2

[Event "27. Friedensfest-Open (AFRO-A)"]
[Site "Augsburg"]
[Date "2022.08.04"]
[Round "2.35"]
[White "Lerchl, Clemens"]
[Black "Gode, Gero"]
[Result "0-1"]
[WhiteElo "1908"]
[BlackElo "1754"]
[EventDate "2022.08.04"]
[Time "15:30:00"]
[WhiteTeam "Schach-Club Vaterstetten-Grasbru"]
[BlackTeam "SK Mering"]

1.e4 c5 2.Nf3 a6 3.c4 Nc6 4.d4 cxd4 5.Nxd4 e6 6.a3 Qc7 7.Nc3 Bc5 8.Be3 Nf6
9.Nxe6 dxe6 10.Bxc5 Qe5 11.Bd6 Qg5 12.h4 Qg6 13.Qf3 e5 14.c5 Nd4 15.Qd3 
Be6 16.Bxe5 Nb3 17.Bd6 Nxa1 18.Qd1 Nb3 19.h5 Qg5 20.Nd5 Bxd5 21.exd5 Ne4 
22.f4 Qg3+ 23.Ke2 Qf2+ 24.Kd3 Qd4+ 0-1

[Event "27. Friedensfest-Open (AFRO-A)"]
[Site "Augsburg"]
[Date "2022.08.07"]
[Round "7.16"]
[White "Roehr, Oliver"]
[Black "Struck, Christian"]
[Result "1-0"]
[WhiteElo "2141"]
[BlackElo "1933"]
[EventDate "2022.08.04"]
[Time "09:30:00"]
[WhiteTeam "SV Mattnetz Berlin e.V."]
[BlackTeam "SF Augsburg"]

1.e4 c5 2.Nf3 a6 3.c4 Nc6 4.d4 cxd4 5.Nxd4 e5 6.Nf5 d6 7.Ne3 Nf6 8.Nc3 Be7
9.Bd3 O-O 10.O-O Bd7 11.Ned5 Nxd5 12.cxd5 Nd4 13.Be3 Nb5 14.Ne2 f5 15.exf5
Bxf5 16.Bxf5 Rxf5 17.Rc1 Bg5 18.Bxg5 Rxg5 19.Qc2 Qa5 20.f4 exf4 21.Nxf4 h6
22.Ne6 Qb6+ 23.Kh1 Rg4 24.Qc8+ 1-0

[Event "27. Friedensfest-Open (AFRO-A)"]
[Site "Augsburg"]
[Date "2022.08.06"]
[Round "5.15"]
[White "Zeier, Klaus"]
[Black "Struck, Christian"]
[Result "1/2-1/2"]
[WhiteElo "2161"]
[BlackElo "1933"]
[EventDate "2022.08.04"]
[Time "09:30:00"]
[WhiteTeam "SK 1926 Ettlingen"]
[BlackTeam "SF Augsburg"]

1.e4 c5 2.Nf3 a6 3.g3 Nc6 4.Bg2 Nf6 5.e5 Ng4 6.Qe2 Qc7 7.d4 cxd4 8.Bf4 Qb6
9.c3 d3 10.Qd2 d6 11.exd6 e5 12.O-O exf4 13.Qxf4 Be6 14.Bh3 Nxf2 15.Rxf2 
Bxh3 16.Ng5 O-O-O 17.Nxf7 g5 18.Qf6 Re8 19.Nd2 Rg8 20.Nxg5 Qxb2 21.Rd1 Qc2
22.Ra1 Qb2 23.Rd1 Qc2 24.Ra1 Qb2 1/2-1/2

[Event "27. Friedensfest-Open (AFRO-A)"]
[Site "Augsburg"]
[Date "2022.08.06"]
[Round "6.17"]
[White "Lang, Thomas"]
[Black "Wichmann, Adrian"]
[Result "1/2-1/2"]
[WhiteElo "1792"]
[BlackElo "2089"]
[EventDate "2022.08.04"]
[Time "15:30:00"]
[WhiteTeam "SG Schwaebisch Gmuend 1872 e.V"]
[BlackTeam "SC 1868 Bamberg"]

1.e4 c5 2.Nf3 g6 3.c3 Bg7 4.d4 cxd4 5.cxd4 d5 6.e5 Bg4 7.Bb5+ Nc6 8.O-O e6
9.Nc3 Ne7 10.Bg5 Rc8 11.h3 Bxf3 12.Qxf3 h6 13.Be3 Nf5 14.Rac1 O-O 15.Bxc6 
Rxc6 16.g4 Nxe3 17.Qxe3 f5 18.f3 Qb6 19.Na4 Qb5 20.Rxc6 Qxc6 21.Nc5 b6 22.
Nd3 Qd7 23.Kg2 Qf7 24.Qe2 Rc8 25.Rc1 Rxc1 26.Nxc1 Qc7 27.Qd2 Kh7 28.Qc3 
Qd8 29.f4 Qd7 30.Qb4 Qc6 31.Qc3 Qa4 32.b3 Qd7 33.Ne2 Bf8 34.Ng3 Be7 35.
gxf5 gxf5 36.Qf3 Qc8 37.Qh5 Qg8 38.Kf2 Qg6 39.Qxg6+ Kxg6 40.Ke2 Kf7 41.Nh1
Bh4 42.Nf2 Ke8 43.a4 Kd7 44.b4 b5 45.a5 1/2-1/2

[Event "27. Friedensfest-Open (AFRO-A)"]
[Site "Augsburg"]
[Date "2022.08.05"]
[Round "3.23"]
[White "Kwossek, Georg"]
[Black "Niekisch, Dirk"]
[Result "1/2-1/2"]
[WhiteElo "1981"]
[BlackElo "1770"]
[EventDate "2022.08.04"]
[Time "09:30:00"]
[WhiteTeam "SC Kitzingen von 1905"]
[BlackTeam "SV Worms 1878"]

1.e4 c5 2.Nf3 d6 3.d3 g6 4.g3 Bg7 5.Bg2 e5 6.c3 Nc6 7.Na3 Nge7 8.Be3 O-O 
9.d4 b6 10.O-O Ba6 11.Re1 h6 12.Qa4 Qc8 13.Rad1 Kh7 14.dxe5 dxe5 15.Nb5 
Bxb5 16.Qxb5 Qc7 17.h4 Rad8 18.Rxd8 Rxd8 19.Qc4 Nc8 20.Bc1 Na5 21.Qe2 c4 
22.h5 b5 23.hxg6+ fxg6 24.Nh4 Bf6 25.Qg4 Qf7 26.Bh3 Nb7 27.Be3 Nb6 28.Qf3 
Qe7 29.Nxg6 Kxg6 30.Bf5+ Kg7 31.Qh5 Rh8 32.Qg6+ Kf8 33.Bxh6+ Rxh6 34.Qxh6+
Qg7 35.Qe3 Qg5 36.Qf3 Nc5 37.Kg2 Nd3 38.Rd1 Na4 39.Rxd3 cxd3 40.Qxd3 Nxb2 
41.Qxb5 Qd2 42.Qb8+ Kf7 43.Qxa7+ Be7 44.a4 Qxc3 45.Qb6 Bf6 46.Qb7+ Be7 47.
Qd5+ Kg7 48.Qe6 Qc7 49.Qg6+ Kf8 50.Be6 Bb4 51.Qg8+ Ke7 52.Qf7+ Kd6 53.
Qxc7+ Kxc7 54.Bb3 Nd3 55.Bc4 Nc5 56.Bd5 Nxa4 1/2-1/2

[Event "27. Friedensfest-Open (AFRO-A)"]
[Site "Augsburg"]
[Date "2022.08.05"]
[Round "4.34"]
[White "Dommnich, Alexander"]
[Black "Luhn, Robert"]
[Result "0-1"]
[WhiteElo "1587"]
[BlackElo "1989"]
[EventDate "2022.08.04"]
[Time "15:30:00"]
[WhiteTeam "SF Augsburg"]
[BlackTeam "SK Caissa Augsburg"]

1.e4 c5 2.Nf3 d6 3.Bb5+ Bd7 4.Bxd7+ Qxd7 5.O-O Nf6 6.Qe2 Nc6 7.c3 e6 8.d4 
cxd4 9.cxd4 d5 10.e5 Ne4 11.Be3 Be7 12.Ne1 h6 13.Qg4 g6 14.f3 h5 15.Qh3 
Ng5 16.Qg3 h4 17.Qg4 Rh5 18.Nd3 h3 19.Nf4 hxg2 20.Kxg2 Rh6 21.h4 Nh7 22.
Rh1 Bf8 23.Nc3 O-O-O 24.Rac1 Kb8 25.Nce2 Ne7 26.Nd3 Nf5 27.Bd2 Qb5 28.Rc3 
Rh5 29.Ndf4 Qxb2 30.Nxh5 gxh5 31.Qxh5 Qxd2 32.Qxf7 Qxe2+ 33.Kh3 Bd6 34.
Qxh7 Bxe5 35.Rb3 Bc7 36.Rc3 Bd6 37.Rb3 b6 38.Ra3 Bxa3 0-1

[Event "27. Friedensfest-Open (AFRO-A)"]
[Site "Augsburg"]
[Date "2022.08.04"]
[Round "1.38"]
[White "Blodig, Vincent"]
[Black "Komarov, Jan"]
[Result "0-1"]
[WhiteElo "1507"]
[BlackElo "1844"]
[EventDate "2022.08.04"]
[WhiteTeam "SF Augsburg"]
[BlackTeam "SK Muenchen Suedost e.V."]

1.e4 c5 2.Nf3 d6 3.d4 cxd4 4.Nxd4 Nf6 5.Nc3 a6 6.a4 e5 7.Nf3 Be7 8.Bc4 h6 
9.O-O O-O 10.Be3 Be6 11.Bd5 Nc6 12.Re1 Rc8 13.Qd2 Ng4 14.h3 Nxe3 15.Rxe3 
Qb6 16.Ra3 Nd4 17.Rd3 Qxb2 18.Ra2 Nxf3+ 19.Rxf3 Qb4 20.Rg3 Bg5 21.Qd3 Bxd5
22.Nxd5 Qb1+ 23.Kh2 Qxa2 24.Qf3 Bf4 25.Qg4 Bxg3+ 26.Qxg3 Qxc2 27.Ne7+ Kh7 
28.Qg4 Qc1 0-1

[Event "27. Friedensfest-Open (AFRO-A)"]
[Site "Augsburg"]
[Date "2022.08.04"]
[Round "1.27"]
[White "Stoettner, Moritz"]
[Black "Jacob, Dominik"]
[Result "1-0"]
[WhiteElo "1906"]
[BlackElo "1758"]
[EventDate "2022.08.04"]
[WhiteTeam "SK Landau-Dingolfing"]
[BlackTeam "BC Aichach"]

1.e4 c5 2.Nf3 d6 3.d4 cxd4 4.Nxd4 Nf6 5.Nc3 a6 6.f3 e5 7.Nb3 Be7 8.Be3 Be6
9.Qd2 b5 10.a4 b4 11.Nd5 Bxd5 12.exd5 a5 13.Bb5+ Nbd7 14.c3 bxc3 15.bxc3 
O-O 16.O-O Nb8 17.c4 Nfd7 18.Rad1 f5 19.c5 Nxc5 20.Nxc5 dxc5 21.d6 Bf6 22.
Qd5+ 1-0

[Event "27. Friedensfest-Open (AFRO-A)"]
[Site "Augsburg"]
[Date "2022.08.04"]
[Round "2.7"]
[White "Niedermeier, Thomas"]
[Black "Luhn, Robert"]
[Result "1-0"]
[WhiteElo "2253"]
[BlackElo "1989"]
[EventDate "2022.08.04"]
[Time "15:30:00"]
[WhiteTeam "SV Ilmmuenster"]
[BlackTeam "SK Caissa Augsburg"]

1.e4 c5 2.Nf3 d6 3.d4 cxd4 4.Nxd4 Nf6 5.Nc3 a6 6.Rg1 e6 7.g4 Be7 8.g5 Nfd7
9.Be3 b5 10.Qh5 g6 11.Qh6 Bf8 12.Qh3 b4 13.Nce2 Bg7 14.O-O-O Nc5 15.Qg2 
Qa5 16.Kb1 Bb7 17.f3 Nbd7 18.Nc1 O-O 19.h4 d5 20.Ncb3 Qc7 21.exd5 Bxd5 22.
h5 a5 23.Nb5 Qc6 24.N3d4 Qb7 25.Qh3 Rfd8 26.hxg6 hxg6 27.Nd6 Qb8 28.N4b5 
Na4 29.Rh1 Ne5 30.Rxd5 exd5 31.f4 Rxd6 32.Nxd6 Qxd6 33.Bd4 Rb8 34.Bd3 Nc3+
35.Ka1 Ne4 36.Qh7+ Kf8 37.fxe5 Nxg5 38.Qxg7+ Kxg7 39.exd6+ f6 40.Re1 Rb7 
41.Re7+ Rxe7 42.dxe7 Kf7 43.Bxf6 1-0

[Event "27. Friedensfest-Open (AFRO-A)"]
[Site "Augsburg"]
[Date "2022.08.05"]
[Round "3.24"]
[White "Schindler, Alexander"]
[Black "Jacob, Dominik"]
[Result "0-1"]
[WhiteElo "1970"]
[BlackElo "1758"]
[EventDate "2022.08.04"]
[Time "09:30:00"]
[WhiteTeam "SF Augsburg"]
[BlackTeam "BC Aichach"]

1.e4 c5 2.Nf3 d6 3.d4 cxd4 4.Nxd4 Nf6 5.Nc3 a6 6.h3 e6 7.g4 d5 8.Bg2 e5 9.
Nde2 d4 10.Nd5 Be6 11.Bg5 Bxd5 12.exd5 Bc5 13.c3 dxc3 14.bxc3 O-O 15.Ng3 
Nbd7 16.O-O h6 17.Be3 Rc8 18.Qb3 Bxe3 19.fxe3 Nc5 20.Qa3 e4 21.Rad1 Qc7 
22.Nf5 Qe5 23.Rd4 g6 24.Nxh6+ Kg7 25.Rc4 b6 26.Nf5+ gxf5 27.Rxf5 Qg3 28.
Qc1 Nd3 29.Qf1 Rxc4 30.Rxf6 Qe1 31.Qxe1 Nxe1 32.Rxb6 Nxg2 33.Kxg2 Rxc3 0-1

[Event "27. Friedensfest-Open (AFRO-A)"]
[Site "Augsburg"]
[Date "2022.08.05"]
[Round "3.26"]
[White "Waibel, Manuel"]
[Black "Stoettner, Moritz"]
[Result "0-1"]
[WhiteElo "1740"]
[BlackElo "1906"]
[EventDate "2022.08.04"]
[Time "09:30:00"]
[WhiteTeam "Schachges. Augsburg 1873"]
[BlackTeam "SK Landau-Dingolfing"]

1.e4 c5 2.Nf3 d6 3.d4 cxd4 4.Nxd4 Nf6 5.Nc3 a6 6.Be2 e5 7.Nb3 Be7 8.Be3 
Be6 9.O-O O-O 10.f3 Nbd7 11.Qe1 Rc8 12.Rc1 b5 13.a3 Qc7 14.Kh1 Qb8 15.Qd1 
Nb6 16.Bxb6 Qxb6 17.Nd5 Bxd5 18.exd5 a5 19.Bd3 a4 20.Nd2 Nxd5 21.Qe2 Nf4 
22.Qe4 f5 23.Qe1 Bg5 24.Be2 Qd4 25.c3 Qc5 26.g3 Nd5 27.Bd3 Bxd2 28.Qxd2 
Ne3 29.Rfe1 f4 30.g4 d5 31.Qf2 Rce8 32.Qh4 e4 33.fxe4 dxe4 34.Bf1 Nxf1 35.
Rxf1 e3 0-1

[Event "27. Friedensfest-Open (AFRO-A)"]
[Site "Augsburg"]
[Date "2022.08.05"]
[Round "4.29"]
[White "Kraemer, Max"]
[Black "Komarov, Jan"]
[Result "1/2-1/2"]
[WhiteElo "2059"]
[BlackElo "1844"]
[EventDate "2022.08.04"]
[Time "15:30:00"]
[WhiteTeam "SK Caissa Augsburg"]
[BlackTeam "SK Muenchen Suedost e.V."]

1.e4 c5 2.Nf3 d6 3.d4 cxd4 4.Nxd4 Nf6 5.Nc3 a6 6.Be2 e5 7.Nf3 Be7 8.O-O 
O-O 9.Bg5 Nbd7 10.Re1 b6 11.Bc4 h6 12.Bxf6 Nxf6 13.h3 Be6 14.Nd5 Bxd5 15.
Bxd5 Nxd5 16.Qxd5 Rc8 17.c4 Rc5 18.Qd3 b5 19.Rac1 Qa5 20.a3 Rxc4 21.Rxc4 
bxc4 22.Qxc4 Rb8 23.Re2 Qb5 24.Qxb5 Rxb5 25.Rc2 d5 26.exd5 Rxd5 27.Kf1 e4 
28.Nd2 f5 29.Ke2 a5 30.Rc8+ Kf7 31.Rb8 Bg5 32.Nc4 Rc5 33.b3 a4 34.Rb7+ Kf8
35.Nb6 Rc2+ 36.Ke1 axb3 37.Na4 f4 38.Rxb3 e3 39.fxe3 fxe3 40.g3 e2 41.Rb2 
Rc4 42.Nb6 Rc3 43.h4 Be3 44.Nd5 Rxa3 45.Rb8+ Kf7 46.Kxe2 Bd4 47.Rb7+ Kg6 
48.g4 Rg3 49.Nf4+ Kh7 50.Rd7 Be5 51.Nd3 Bf6 52.g5 hxg5 53.hxg5 Rxg5 54.Kf3
Ra5 55.Kg4 Kg6 56.Nf4+ Kh6 57.Rd5 Rxd5 58.Nxd5 Bd4 59.Ne7 Kh7 60.Nf5 Be5 
61.Nxg7 1/2-1/2

[Event "27. Friedensfest-Open (AFRO-A)"]
[Site "Augsburg"]
[Date "2022.08.05"]
[Round "4.26"]
[White "Lerchl, Clemens"]
[Black "Roehr, Oliver"]
[Result "1-0"]
[WhiteElo "1908"]
[BlackElo "2141"]
[EventDate "2022.08.04"]
[Time "15:30:00"]
[WhiteTeam "Schach-Club Vaterstetten-Grasbru"]
[BlackTeam "SV Mattnetz Berlin e.V."]

1.e4 c5 2.Nf3 d6 3.d4 cxd4 4.Nxd4 Nf6 5.Nc3 a6 6.Be2 e5 7.Nb3 Be7 8.O-O 
O-O 9.Be3 Be6 10.f4 exf4 11.Bxf4 d5 12.exd5 Nxd5 13.Nxd5 Bxd5 14.Bf3 Qb6+ 
15.Kh1 Bxf3 16.Qxf3 Nc6 17.Rad1 Rad8 18.h3 Bf6 19.c3 a5 20.Rxd8 Rxd8 21.
Qg3 Qb5 22.Qf2 a4 23.Nc5 Re8 24.Nd7 Qf5 25.Nxf6+ Qxf6 26.Bg3 Qe6 27.Re1 
Qxe1+ 28.Qxe1 Rxe1+ 29.Bxe1 f5 30.Kh2 Kf7 31.Kg3 Ke6 32.h4 Ne5 33.b3 Nd3 
34.Bd2 Nc5 35.Be3 Ne4+ 36.Kf3 Nxc3 37.bxa4 Nxa2 38.Bd2 Kd5 39.Kf4 Kd4 40.
Kxf5 Nc3 41.Ke6 Nxa4 42.Kf7 g6 43.Kg7 Ke5 44.g4 b5 45.Kxh7 Kf6 46.g5+ Kf5 
47.h5 gxh5 48.g6 Nb6 49.g7 Nd5 50.Bc3 Ne7 51.Bb4 Nd5 52.Kh8 1-0

[Event "27. Friedensfest-Open (AFRO-A)"]
[Site "Augsburg"]
[Date "2022.08.05"]
[Round "3.3"]
[White "Vuckovic, Zarko"]
[Black "Weller, Uli"]
[Result "1-0"]
[WhiteElo "2286"]
[BlackElo "2190"]
[EventDate "2022.08.04"]
[Time "09:30:00"]
[WhiteTeam "SF Augsburg"]
[BlackTeam "SF Augsburg"]

1.e4 c5 2.Nf3 d6 3.d4 cxd4 4.Nxd4 Nf6 5.Nc3 g6 6.Bc4 Bg7 7.O-O O-O 8.Re1 
a6 9.a4 Bd7 10.a5 b5 11.axb6 Qxb6 12.Nb3 Nc6 13.Bf1 Ng4 14.Qe2 Nd4 15.Nxd4
Bxd4 16.Nd1 f5 17.h3 fxe4 18.hxg4 Bxg4 19.Qxg4 Bxf2+ 20.Kh2 Bxe1 21.Qe6+ 
Kg7 22.Be3 Qc7 23.Bd4+ Kh6 24.Ne3 Bh4 25.Ng4+ Kh5 26.Be2 Qxc2 27.Ra5+ 1-0

[Event "27. Friedensfest-Open (AFRO-A)"]
[Site "Augsburg"]
[Date "2022.08.06"]
[Round "5.29"]
[White "Komarov, Jan"]
[Black "Manko, Mariya"]
[Result "0-1"]
[WhiteElo "1844"]
[BlackElo "2087"]
[EventDate "2022.08.04"]
[Time "09:30:00"]
[WhiteTeam "SK Muenchen Suedost e.V."]
[BlackTeam "Schachges. Augsburg 1873"]

1.e4 c5 2.Nf3 d6 3.d4 cxd4 4.Nxd4 Nf6 5.Nc3 g6 6.Be2 Bg7 7.O-O O-O 8.Be3 
Nc6 9.Qd2 Nxd4 10.Bxd4 Be6 11.h3 Qa5 12.Qe3 Nd7 13.Bxg7 Kxg7 14.Kh1 Qb6 
15.Qd2 Rfc8 16.Rab1 Qb4 17.a3 Qc5 18.Bd3 Rab8 19.Ne2 b5 20.c3 Ne5 21.f4 
Nxd3 22.Qxd3 Bc4 23.Qf3 a5 24.Rfd1 b4 25.axb4 axb4 26.cxb4 Qxb4 27.Nc3 Qc5
28.Nd5 Rb3 29.Qg4 Bd3 30.Rxd3 Rxd3 31.Nxe7 Re8 32.Nf5+ Kf8 33.Nh6 Rxe4 34.
Qh4 Kg7 35.Ng4 Re6 36.Qh6+ Kg8 37.Ra1 Qd5 38.f5 gxf5 39.Nf6+ Rxf6 40.Qxf6 
Rg3 41.Qd8+ Kg7 42.Qa8 Rxh3+ 43.Kg1 Qd4+ 44.Kf1 Rh1+ 45.Ke2 Qxb2+ 0-1

[Event "27. Friedensfest-Open (AFRO-A)"]
[Site "Augsburg"]
[Date "2022.08.06"]
[Round "6.6"]
[White "Weller, Uli"]
[Black "Niedermeier, Thomas"]
[Result "1/2-1/2"]
[WhiteElo "2190"]
[BlackElo "2253"]
[EventDate "2022.08.04"]
[Time "15:30:00"]
[WhiteTeam "SF Augsburg"]
[BlackTeam "SV Ilmmuenster"]

1.e4 c5 2.Nf3 d6 3.d4 cxd4 4.Nxd4 Nf6 5.Nc3 g6 6.Be3 Bg7 7.f3 O-O 8.Bc4 
Nc6 9.Qd2 Bd7 10.O-O-O Ne5 11.Bb3 b5 12.Ndxb5 Qb8 13.Na3 a5 14.Na4 Bxa4 
15.Bxa4 Nxf3 16.Qd3 Ne5 17.Qe2 Nxe4 18.Bd4 d5 19.c3 Rc8 20.Rhe1 Qb7 21.Qb5
Qxb5 22.Nxb5 e6 23.h3 Bh6+ 24.Kc2 Nc4 25.Na7 Rc7 26.Nb5 Rb7 27.b3 Nb6 28.
Rxe4 dxe4 29.Nd6 Rbb8 30.Bc6 Ra7 31.Nb5 Ra6 32.Nc7 Ra7 33.Nb5 1/2-1/2

[Event "27. Friedensfest-Open (AFRO-A)"]
[Site "Augsburg"]
[Date "2022.08.06"]
[Round "6.30"]
[White "Kracke, Moritz"]
[Black "Jaskulski, Jan"]
[Result "1/2-1/2"]
[WhiteElo "2073"]
[BlackElo "1846"]
[EventDate "2022.08.04"]
[Time "15:30:00"]
[WhiteTeam "SV Urach"]
[BlackTeam "SV Jedesheim 1921"]

1.e4 c5 2.Nf3 d6 3.d4 cxd4 4.Nxd4 Nf6 5.Nc3 Nc6 6.Bc4 Qb6 7.Nf3 e6 8.Bb3 
Be7 9.O-O a6 10.Bf4 O-O 11.Qe2 Na5 12.Rad1 Nxb3 13.axb3 Rd8 14.Nd2 Qc6 15.
Nc4 b5 16.Nxd6 Bxd6 17.Bxd6 Rxd6 18.Rxd6 Qxd6 19.e5 Qe7 20.exf6 1/2-1/2

[Event "27. Friedensfest-Open (AFRO-A)"]
[Site "Augsburg"]
[Date "2022.08.05"]
[Round "3.18"]
[White "Wezel, Sebastian"]
[Black "Seisenberger, Georg"]
[Result "0-1"]
[WhiteElo "1859"]
[BlackElo "2085"]
[EventDate "2022.08.04"]
[Time "09:30:00"]
[WhiteTeam "SV Dettingen Erms"]
[BlackTeam "SV Ilmmuenster"]

1.e4 c5 2.Nf3 e6 3.d4 cxd4 4.Nxd4 Nc6 5.Nb5 d6 6.Bf4 e5 7.Be3 Nf6 8.Bg5 a6
9.Bxf6 gxf6 10.N5c3 Bg7 11.Bc4 O-O 12.Nd2 Rb8 13.a4 f5 14.Qh5 Nd4 15.Bd3 
fxe4 16.Ndxe4 h6 0-1

[Event "27. Friedensfest-Open (AFRO-A)"]
[Site "Augsburg"]
[Date "2022.08.06"]
[Round "5.16"]
[White "Lerchl, Clemens"]
[Black "Stork, Simon"]
[Result "1/2-1/2"]
[WhiteElo "1908"]
[BlackElo "2095"]
[EventDate "2022.08.04"]
[Time "09:30:00"]
[WhiteTeam "Schach-Club Vaterstetten-Grasbru"]
[BlackTeam "TSV Langenau"]

1.e4 c5 2.Nf3 e6 3.d4 cxd4 4.Nxd4 Nc6 5.Nb5 d6 6.c4 a6 7.N5c3 Nf6 8.Na3 
Be7 9.Be2 O-O 10.O-O Qc7 11.Be3 Bd7 12.Rc1 Rac8 13.f4 Qb8 14.Nc2 Na5 15.b3
b5 16.c5 dxc5 17.e5 Nd5 18.Nxd5 exd5 19.Qxd5 Bf5 20.Qd2 Nc6 21.Bf3 Rfd8 
22.Qf2 Na5 23.Rfd1 Rxd1+ 24.Rxd1 c4 25.Ba7 cxb3 26.Bxb8 bxc2 27.Qe1 cxd1=Q
28.Bxd1 Bc5+ 29.Kf1 Nc4 1/2-1/2

[Event "27. Friedensfest-Open (AFRO-A)"]
[Site "Augsburg"]
[Date "2022.08.04"]
[Round "1.17"]
[White "Schindler, Alexander"]
[Black "Stork, Simon"]
[Result "1/2-1/2"]
[WhiteElo "1970"]
[BlackElo "2095"]
[EventDate "2022.08.04"]
[WhiteTeam "SF Augsburg"]
[BlackTeam "TSV Langenau"]

1.e4 c5 2.Nf3 e6 3.d4 cxd4 4.Nxd4 Nc6 5.Nc3 Qc7 6.Be3 Nf6 7.Bd3 a6 8.O-O 
Bd6 9.Nxc6 Qxc6 10.h3 b5 11.Qd2 Bb7 12.Rad1 Be5 13.f4 Bxc3 14.bxc3 O-O 15.
e5 Ne4 16.Bxe4 Qxe4 17.Rf2 Bc6 18.Qd4 Qxd4 19.Rxd4 Rfc8 20.Bd2 Bd5 21.a3 
Rc5 22.Kf1 Rac8 23.Ke1 f6 24.exf6 gxf6 25.Kd1 Kf7 26.Kc1 h5 27.g4 hxg4 28.
hxg4 Rh8 29.Rf1 Rh2 30.Rg1 e5 31.fxe5 fxe5 32.Rd3 Be6 33.g5 Kg6 34.Rf3 Bf5
35.Rff1 Rd5 36.Rd1 e4 37.Be3 Rxd1+ 38.Rxd1 Re2 39.Rd6+ Be6 40.Bd4 e3 41.
Kd1 Rd2+ 42.Kc1 Re2 43.Kd1 Rd2+ 1/2-1/2

[Event "27. Friedensfest-Open (AFRO-A)"]
[Site "Augsburg"]
[Date "2022.08.04"]
[Round "2.4"]
[White "Martin, Mike"]
[Black "Vuckovic, Zarko"]
[Result "0-1"]
[WhiteElo "2121"]
[BlackElo "2286"]
[EventDate "2022.08.04"]
[Time "15:30:00"]
[WhiteTeam "SV Worms 1878"]
[BlackTeam "SF Augsburg"]

1.e4 c5 2.Nf3 e6 3.d4 cxd4 4.Nxd4 Nf6 5.Nc3 Nc6 6.Ndb5 Bb4 7.a3 Bxc3+ 8.
Nxc3 d5 9.exd5 exd5 10.Bd3 O-O 11.O-O Bg4 12.f3 Bh5 13.Ne2 Bg6 14.Nf4 Ne5 
15.Bxg6 hxg6 16.b3 Qb6+ 17.Rf2 Rad8 18.Bb2 d4 19.Qd2 Nc4 20.bxc4 Qxb2 21.
Rff1 Qb6 22.Rfb1 Qc6 23.Rb4 Rfe8 24.Rd1 g5 25.Ne2 a5 26.Rb3 Qxc4 27.Nxd4 
Rxd4 28.Qxd4 Re1+ 29.Kf2 Qe2+ 0-1

[Event "27. Friedensfest-Open (AFRO-A)"]
[Site "Augsburg"]
[Date "2022.08.07"]
[Round "7.31"]
[White "Lerchl, Clemens"]
[Black "Luetkemeyer, Arnd"]
[Result "1/2-1/2"]
[WhiteElo "1908"]
[BlackElo "1831"]
[EventDate "2022.08.04"]
[Time "09:30:00"]
[WhiteTeam "Schach-Club Vaterstetten-Grasbru"]
[BlackTeam "SK Germering e. V."]

1.e4 c5 2.Nf3 e6 3.d4 cxd4 4.Nxd4 Nf6 5.Nc3 Nc6 6.Ndb5 d6 7.Bf4 e5 8.Bg5 
a6 9.Na3 b5 10.Nd5 Be7 11.Bxf6 Bxf6 12.c3 Ne7 13.Nxe7 Bxe7 14.Nc2 Bb7 15.
f3 d5 16.Bd3 dxe4 17.Bxe4 Bxe4 18.fxe4 Qb6 19.Qh5 Qg6 20.Qxg6 hxg6 21.h3 
Rh4 22.g4 O-O-O 23.Rd1 Rdh8 24.Rd3 Rxg4 25.hxg4 Rxh1+ 26.Ke2 Rh2+ 27.Kd1 
Bg5 28.b3 Rg2 29.Nb4 Rxg4 30.Nxa6 Be7 31.Rd5 Rxe4 32.Rxb5 f5 33.Rb8+ Kd7 
34.Rg8 Ke6 35.Rxg7 Kf6 36.Rh7 Re3 37.Kd2 f4 38.Nc7 Rg3 39.Nd5+ Ke6 40.Nxe7
e4 41.Nc6 Rg2+ 42.Ke1 Rxa2 43.Nd4+ Kf6 44.Rh8 Ra1+ 45.Ke2 Ra2+ 46.Ke1 Ra1+
1/2-1/2

[Event "27. Friedensfest-Open (AFRO-A)"]
[Site "Augsburg"]
[Date "2022.08.06"]
[Round "6.15"]
[White "Stork, Simon"]
[Black "Portnov, Dmytro"]
[Result "1/2-1/2"]
[WhiteElo "2095"]
[BlackElo "1531"]
[EventDate "2022.08.04"]
[Time "15:30:00"]
[WhiteTeam "TSV Langenau"]
[BlackTeam "SC Weisse Dame Ulm e.V."]

1.e4 c5 2.Nf3 Nc6 3.Bb5 e6 4.O-O Nge7 5.Re1 a6 6.Bf1 d5 7.exd5 Nxd5 8.d4 
cxd4 9.Nxd4 Nxd4 10.Qxd4 Nf6 11.Qxd8+ Kxd8 12.c4 Bc5 13.Nc3 Bd7 14.Bg5 Kc7
15.Bf4+ Bd6 16.Bxd6+ Kxd6 17.Rad1+ Kc7 18.g3 1/2-1/2

[Event "27. Friedensfest-Open (AFRO-A)"]
[Site "Augsburg"]
[Date "2022.08.05"]
[Round "3.11"]
[White "Zeier, Klaus"]
[Black "Baur, Frank"]
[Result "1/2-1/2"]
[WhiteElo "2161"]
[BlackElo "2018"]
[EventDate "2022.08.04"]
[Time "09:30:00"]
[WhiteTeam "SK 1926 Ettlingen"]
[BlackTeam "SF Mengen"]

1.e4 c5 2.Nf3 Nc6 3.Bb5 g6 4.O-O Bg7 5.c3 e5 6.Na3 Nge7 7.d4 cxd4 8.cxd4 
exd4 9.Bf4 a6 10.Bc4 d5 11.exd5 Nxd5 12.Bg5 Qd6 13.Re1+ Be6 14.Nc2 Nc7 15.
Qd2 O-O 16.Bf4 Qd7 17.Bxc7 Bxc4 18.Bb6 Rfe8 19.Ncxd4 Nxd4 20.Bxd4 Rxe1+ 
21.Rxe1 Bxd4 22.Nxd4 Rd8 23.Rd1 Bxa2 24.h3 Qa4 25.Qd3 Bc4 26.Qf3 Qb4 27.
Nf5 Rxd1+ 28.Qxd1 gxf5 29.Qd8+ Qf8 30.Qg5+ Kh8 31.Qf6+ Qg7 1/2-1/2

[Event "27. Friedensfest-Open (AFRO-A)"]
[Site "Augsburg"]
[Date "2022.08.07"]
[Round "7.5"]
[White "Grimberg, Boris"]
[Black "Baur, Frank"]
[Result "0-1"]
[WhiteElo "2328"]
[BlackElo "2018"]
[EventDate "2022.08.04"]
[Time "09:30:00"]
[WhiteTeam "SAbt TSV Haunstetten"]
[BlackTeam "SF Mengen"]

1.e4 c5 2.Nf3 Nc6 3.Bb5 g6 4.O-O Bg7 5.c3 e5 6.Na3 Nge7 7.Re1 O-O 8.Bf1 d6
9.h3 h6 10.Nc4 b5 11.Ne3 Rb8 12.a4 a6 13.axb5 axb5 14.d3 Be6 15.Ng4 Kh7 
16.Qd2 Ng8 17.b4 f5 18.Ne3 f4 19.Nd5 Nge7 20.Nxe7 Qxe7 21.Bb2 cxb4 22.cxb4
Rfc8 23.Rec1 d5 24.Rc5 d4 25.Rac1 Qb7 26.g3 g5 27.gxf4 gxf4 28.Kh2 Bf6 29.
Be2 Qd7 30.Bf1 Rc7 31.Bg2 Rg8 32.Rxb5 Rxg2+ 33.Kxg2 Bxh3+ 34.Kh1 Qg4 0-1